Complex dynamics
Αποθηκεύτηκε σε:
| Κύριος συγγραφέας: | |
|---|---|
| Άλλοι συγγραφείς: | |
| Μορφή: | Βιβλίο |
| Γλώσσα: | English |
| Δημοσίευση: |
New York ; Berlin :
Springer,
c1993
|
| Σειρά: | Universitext. Tracts in mathematics
|
| Θέματα: | |
| Ετικέτες: |
Προσθήκη ετικέτας
Δεν υπάρχουν, Καταχωρήστε ετικέτα πρώτοι!
|
MARC
| LEADER | 00000nam a2200000 i 4500 | ||
|---|---|---|---|
| 001 | 1/71092 | ||
| 008 | 990301s1993 eng d | ||
| 020 | |a 0-387-97942-5 | ||
| 035 | |l 10048248 | ||
| 040 | |a GR-MY-UA |b gre |e aacr | ||
| 041 | 0 | |a eng | |
| 082 | 0 | |a 515.9 | |
| 100 | 1 | |a Carleson, Lennart. | |
| 245 | 1 | 0 | |a Complex dynamics / |c Lennart Carleson, Theodore W. Gamelin |
| 260 | |a New York ; Berlin : |b Springer, |c c1993 | ||
| 300 | |a ix, 174 p.; |b ill.; |c 24 cm. | ||
| 490 | 1 | |a Universitext. Tracts in mathematics | |
| 500 | |a Based on lectures of the first author at UCLA over several winter quarters, particulary 1986 and 1990 | ||
| 650 | 0 | 0 | |a Functions of complex variables. |
| 650 | 0 | 0 | |a Mappings (Mathematics) |
| 650 | 0 | 0 | |a Fixed point theory. |
| 700 | 1 | |a Gamelin, Theodore W. | |
| 830 | 0 | |a Universitext. Tracts in mathematics | |
| 852 | |a INST |b SAMOS |e 19990301 |h 515.9 CAR |p 005300013304 |q 005300013304 |t BK |y 0 | ||
| 901 | |a BIBL-1999-1 | ||
| 909 | |a Σ |b 063029 | ||
| 922 | |a 3ΕΛΗ |b 199901 |c ΕΠΕΑΕΚ/ΜΑΘ |d GLORY | ||